| 000 | 00412nam a2200145Ia 4500 | ||
|---|---|---|---|
| 008 | 230917s9999||||xx |||||||||||||| ||und|| | ||
| 040 |
_e243205 _aMAIN |
||
| 041 | _aEnglish | ||
| 082 | _a368.121 H373P | ||
| 100 | _aHemlata | ||
| 245 | 0 | _aProspects and problems of modified national agriculture insurance scheme in Haryana: A case study of Rohtak district | |
| 260 | _c2016 | ||
| 300 | _a82 p. | ||
| 942 | _cTH | ||
| 999 |
_c127525 _d127525 |
||